00368 2200145 4500001002100000005001500021035002000036245007100056100001500127300001200142260002200154082000800176084001400184990002400198INLIS00000000000225720250527024003 a0010-05250005491 aKepemimpinan Pemuda dalam Berbagai Perspektif /cSholehudin, M.Pd.0 aSholehudin a112 hlm bInti Media,c2008 a000 a000 SHO k a0713175 s/d 0713176